<?xml version='1.0' encoding='UTF-8'?>
  <record xmlns="http://www.loc.gov/MARC21/slim">
    <leader>00000cam a2200000 i 4500</leader>
    <controlfield tag="001">ocm38572810</controlfield>
    <controlfield tag="003">OCoLC</controlfield>
    <controlfield tag="005">20240202180208.2</controlfield>
    <controlfield tag="008">980309s1693    ne            000 0 dut d</controlfield>
    <datafield tag="040" ind1=" " ind2=" ">
      <subfield code="a">YUS</subfield>
      <subfield code="b">eng</subfield>
      <subfield code="c">YUS</subfield>
      <subfield code="d">NLGGC</subfield>
      <subfield code="d">OCLCQ</subfield>
      <subfield code="d">L2U</subfield>
      <subfield code="d">QGJ</subfield>
      <subfield code="d">OCL</subfield>
      <subfield code="d">OCLCQ</subfield>
      <subfield code="d">QGJ</subfield>
      <subfield code="d">OCLCO</subfield>
      <subfield code="d">OCLCQ</subfield>
      <subfield code="d">OCLCO</subfield>
      <subfield code="d">OCLCL</subfield>
    </datafield>
    <datafield tag="026" ind1=" " ind2=" ">
      <subfield code="e">169304 - a1 *2 lyd : a2 2*2 $maa - b1 A e : b2 2V3 er$ge</subfield>
      <subfield code="2">stcnf</subfield>
    </datafield>
    <datafield tag="035" ind1=" " ind2=" ">
      <subfield code="a">(OCoLC)38572810</subfield>
    </datafield>
    <datafield tag="084" ind1=" " ind2=" ">
      <subfield code="a">18.11</subfield>
      <subfield code="2">bcl</subfield>
    </datafield>
    <datafield tag="100" ind1="1" ind2=" ">
      <subfield code="a">Groenewegen, Henricus,</subfield>
      <subfield code="d">approximately 1640-1692.</subfield>
      <subfield code="1">https://id.oclc.org/worldcat/entity/E39PBJpv3MvCw6hdBYXYxcrcyd</subfield>
    </datafield>
    <datafield tag="245" ind1="1" ind2="0">
      <subfield code="a">Hieroglyphica, anders emblemata sacra, ofte schat-kamer der zinne-beelden en voor-beelden :</subfield>
      <subfield code="b">gevende een schriftuurlijke ende gegronde uyt-legginge van woorden en zaken, die van een natuurlik en letterlik gebruyk van spreken, tot een geestelike beduydinge zijn over-gebragt en voor graveerszels ende schilderyen in Gods tempel strekken ... /</subfield>
      <subfield code="c">t'zamen-gesteld volgens de ordre van het ABC ... door Henricus Groenewegen.</subfield>
    </datafield>
    <datafield tag="260" ind1=" " ind2=" ">
      <subfield code="a">In s'Gravenhage :</subfield>
      <subfield code="b">By Meyndert Uytwerf, boeck-verkooper in de Hal-straat,</subfield>
      <subfield code="c">Anno 1693.</subfield>
    </datafield>
    <datafield tag="300" ind1=" " ind2=" ">
      <subfield code="a">8 preliminary leaves, 343, [1] pages ;</subfield>
      <subfield code="c">22 cm (4to)</subfield>
    </datafield>
    <datafield tag="336" ind1=" " ind2=" ">
      <subfield code="a">text</subfield>
      <subfield code="b">txt</subfield>
      <subfield code="2">rdacontent</subfield>
    </datafield>
    <datafield tag="337" ind1=" " ind2=" ">
      <subfield code="a">unmediated</subfield>
      <subfield code="b">n</subfield>
      <subfield code="2">rdamedia</subfield>
    </datafield>
    <datafield tag="338" ind1=" " ind2=" ">
      <subfield code="a">volume</subfield>
      <subfield code="b">nc</subfield>
      <subfield code="2">rdacarrier</subfield>
    </datafield>
    <datafield tag="500" ind1=" " ind2=" ">
      <subfield code="a">Colophon: : t'Enchuysen, gedruckt by Jan Dircksz. Kuyper, boeck-drucker en boeck-verkooper in de Packthuyn-straet in de Gekroonde Druckery, 1693.</subfield>
    </datafield>
    <datafield tag="500" ind1=" " ind2=" ">
      <subfield code="a">Signatures: *-2*4 A-2V4.</subfield>
    </datafield>
    <datafield tag="510" ind1="4" ind2=" ">
      <subfield code="a">Landwehr, Emblem books Low C.,</subfield>
      <subfield code="c">181</subfield>
    </datafield>
    <datafield tag="510" ind1="4" ind2=" ">
      <subfield code="a">Short title catalogue Netherlands,</subfield>
      <subfield code="c">16162474X</subfield>
    </datafield>
    <datafield tag="650" ind1=" " ind2="0">
      <subfield code="a">Emblems.</subfield>
    </datafield>
    <datafield tag="650" ind1=" " ind2="2">
      <subfield code="a">Emblems and Insignia</subfield>
    </datafield>
    <datafield tag="650" ind1=" " ind2="6">
      <subfield code="a">Emblèmes.</subfield>
    </datafield>
    <datafield tag="650" ind1=" " ind2="7">
      <subfield code="a">emblems (symbols)</subfield>
      <subfield code="2">aat</subfield>
    </datafield>
    <datafield tag="650" ind1=" " ind2="7">
      <subfield code="a">18.11 Dutch literature.</subfield>
      <subfield code="0">(NL-LeOCL)077612027</subfield>
      <subfield code="2">bcl</subfield>
    </datafield>
    <datafield tag="650" ind1=" " ind2="7">
      <subfield code="a">Emblems.</subfield>
      <subfield code="2">fast</subfield>
      <subfield code="0">(OCoLC)fst00908357</subfield>
    </datafield>
    <datafield tag="700" ind1="1" ind2=" ">
      <subfield code="a">Uytwerf, Meindert,</subfield>
      <subfield code="d">1658-1708,</subfield>
      <subfield code="e">bookseller.</subfield>
      <subfield code="1">https://id.oclc.org/worldcat/entity/E39PBJghjkMxFJwgBGM3PtHgrq</subfield>
    </datafield>
    <datafield tag="700" ind1="1" ind2=" ">
      <subfield code="a">Kuyper, Jan Dirksz,</subfield>
      <subfield code="d">active 1665-1693,</subfield>
      <subfield code="e">printer.</subfield>
      <subfield code="1">https://id.oclc.org/worldcat/entity/E39PCjtMP8M4PRMCcCBrpGGbVC</subfield>
    </datafield>
    <datafield tag="758" ind1=" " ind2=" ">
      <subfield code="i">has work:</subfield>
      <subfield code="a">Hieroglyphica, anders emblemata sacra, ofte schat-kamer der zinne-beelden en voor-beelden (Text)</subfield>
      <subfield code="1">https://id.oclc.org/worldcat/entity/E39PCGfwrCDXBRMmt3XjRG3DHK</subfield>
      <subfield code="4">https://id.oclc.org/worldcat/ontology/hasWork</subfield>
    </datafield>
  </record>